judicial

Alternativas y limites a la detencion provisional (Registro nro. 6524)

Detalles MARC
000 -LEADER
fixed length control field 01241nam a22004097a 4500
003 - CONTROL NUMBER IDENTIFIER
control field OSt
005 - DATE AND TIME OF LATEST TRANSACTION
control field 20260408102717.0
007 - PHYSICAL DESCRIPTION FIXED FIELD--GENERAL INFORMATION
fixed length control field ta
008 - FIXED-LENGTH DATA ELEMENTS--GENERAL INFORMATION
fixed length control field 260408s2024 ag ||||| |||| 00| 0 spa d
020 ## - INTERNATIONAL STANDARD BOOK NUMBER
International Standard Book Number 9789870347019
040 ## - CATALOGING SOURCE
Transcribing agency cj catamarca
082 ## - DEWEY DECIMAL CLASSIFICATION NUMBER
Classification number 343.126.5 R763
100 10 - MAIN ENTRY--PERSONAL NAME
9 (RLIN) 119
Personal name Romero Villanueva, Horacio J.
245 10 - TITLE STATEMENT
Title Alternativas y limites a la detencion provisional
250 ## - EDITION STATEMENT
Edition statement 1º ed.
260 ## - PUBLICATION, DISTRIBUTION, ETC.
Place of publication, distribution, etc. CABA:
Name of publisher, distributor, etc. La Ley,
Date of publication, distribution, etc. 2024
300 ## - PHYSICAL DESCRIPTION
Extent 352 p.
Dimensions 24 cm
500 ## - GENERAL NOTE
General note INVENTARIO Nº 8147
650 #7 - SUBJECT ADDED ENTRY--TOPICAL TERM
Source of heading or term SAIJ
653 ## - INDEX TERM--UNCONTROLLED
Uncontrolled term DERECHO PROCESAL PENAL
653 ## - INDEX TERM--UNCONTROLLED
Uncontrolled term PRISION PREVENTIVA
653 ## - INDEX TERM--UNCONTROLLED
Uncontrolled term MEDIDAS DE COHERSION
653 ## - INDEX TERM--UNCONTROLLED
Uncontrolled term LIBERTAD-IMPUTADO
653 ## - INDEX TERM--UNCONTROLLED
Uncontrolled term PRIVACION DE LIBERTAD-ALTERNATIVAS
653 ## - INDEX TERM--UNCONTROLLED
Uncontrolled term MEDIDAS DE COHERSION-PERSONAS VULNERABLES
653 ## - INDEX TERM--UNCONTROLLED
Uncontrolled term MUJERES EMBARAZADAS
653 ## - INDEX TERM--UNCONTROLLED
Uncontrolled term NIÑAS, NIÑOS Y ADOLESCENTES-NNA
653 ## - INDEX TERM--UNCONTROLLED
Uncontrolled term DISCAPACITADOS
653 ## - INDEX TERM--UNCONTROLLED
Uncontrolled term TERCERA EDAD
653 ## - INDEX TERM--UNCONTROLLED
Uncontrolled term CAUCIONES
653 ## - INDEX TERM--UNCONTROLLED
Uncontrolled term ENTORPECIMIENTO-PELIGRO
653 ## - INDEX TERM--UNCONTROLLED
Uncontrolled term DETENCION PROVISIONAL
653 ## - INDEX TERM--UNCONTROLLED
Uncontrolled term PLAZO RAZONABLE
700 10 - ADDED ENTRY--PERSONAL NAME
9 (RLIN) 309
Personal name La Rosa, Mariano R.
856 ## - ELECTRONIC LOCATION AND ACCESS
Uniform Resource Identifier <a href="https://trbrasilonline.highq.com/trbrasilonline/opresource.action?res=49j55h56d50e51j56a56&optype=2">https://trbrasilonline.highq.com/trbrasilonline/opresource.action?res=49j55h56d50e51j56a56&optype=2</a>
942 ## - ADDED ENTRY ELEMENTS (KOHA)
Source of classification or shelving scheme Dewey Decimal Classification
Koha item type Book
Suppress in OPAC No
Existencias
Withdrawn status Lost status Source of classification or shelving scheme Damaged status Not for loan Home library Current library Date acquired Source of acquisition Total Checkouts Full call number Barcode Date last seen Price effective from Koha item type
    Dewey Decimal Classification     PJCB PJCB 04/08/2026 Compra   343.126.5 R763 8147 04/08/2026 04/08/2026 Book
-->
  •  poder judicial

    Con tecnología Koha